Tom Sawyer en el extranjero ; Tom Sawyer detective (Registro nro. 8561)

Detalles MARC
000 -LEADER
fixed length control field 01239nam a22003617a 4500
001 - CONTROL NUMBER
control field 00260
003 - CONTROL NUMBER IDENTIFIER
control field DO-SdBNP
005 - DATE AND TIME OF LATEST TRANSACTION
control field 20180206113624.0
008 - FIXED-LENGTH DATA ELEMENTS--GENERAL INFORMATION
fixed length control field 151105b 1995 sp ||||| |||| 00| 0 spa d
016 ## - NATIONAL BIBLIOGRAPHIC AGENCY CONTROL NUMBER
Record control number Inventariado, 2018 /LP
020 ## - INTERNATIONAL STANDARD BOOK NUMBER
International Standard Book Number 8420767085
040 ## - CATALOGING SOURCE
Original cataloging agency BPMSU
Language of cataloging spa
Transcribing agency BPMSU
041 17 - LANGUAGE CODE
Language code of text/sound track or separate title eng
Language code of original spa
100 1# - MAIN ENTRY--PERSONAL NAME
Personal name Twain, Mark,
Titles and words associated with a name 1835-1910.
245 10 - TITLE STATEMENT
Title Tom Sawyer en el extranjero ; Tom Sawyer detective
Statement of responsibility, etc. Mark Twain ; traducción, apéndice y notas, Maylee Yábar-Dávila ; ilustración Daniel Carter Beard y A.B. Frost.
260 ## - PUBLICATION, DISTRIBUTION, ETC. (IMPRINT)
Place of publication, distribution, etc. Madrid :
Name of publisher, distributor, etc. Anaya,
Date of publication, distribution, etc. 1995.
300 ## - PHYSICAL DESCRIPTION
Extent 254 p. :
Other physical details il. ;
Dimensions 20 cm.
490 1# - SERIES STATEMENT
Series statement Tus libros
Volume/sequential designation 13
490 1# - SERIES STATEMENT
Series statement Aventuras
500 ## - GENERAL NOTE
General note Incluye referencias bibliográficas y notas al pie de las páginas.
504 ## - BIBLIOGRAPHY, ETC. NOTE
Bibliography, etc Bibliográfia : p. 253-254
505 0# - FORMATTED CONTENTS NOTE
Title Tom Sawyer, detective --
Statement of responsibility Twain, Mark
534 ## - ORIGINAL VERSION NOTE
Main entry of original Tom Sawyer abroad ; Tom Sawyer, detective.
700 12 - ADDED ENTRY--PERSONAL NAME
Title of a work Tom Sawyer, detective
Key for music Twain, Mark
700 12 - ADDED ENTRY--PERSONAL NAME
Personal name Yábar-Dávila, Maylee,
Relator term tr.
700 12 - ADDED ENTRY--PERSONAL NAME
Personal name Carter Beard, Daniel,
Relator term il.
700 ## - ADDED ENTRY--PERSONAL NAME
Personal name Frost, A. B.,
Relator term il.
830 #0 - SERIES ADDED ENTRY--UNIFORM TITLE
Uniform title Tus libros ;
Number of part/section of a work 13
830 #0 - SERIES ADDED ENTRY--UNIFORM TITLE
Uniform title Aventuras
942 ## - ADDED ENTRY ELEMENTS (KOHA)
Source of classification or shelving scheme Dewey Decimal Classification
Koha item type Libros
945 ## - LOCAL PROCESSING INFORMATION (OCLC)
a Inventariado, 2018 /LP
956 ## - LOCAL ELECTRONIC LOCATION AND ACCESS (OCLC)
Host name LOPEREZ
Access number 10
Existencias
Withdrawn status Lost status Source of classification or shelving scheme Damaged status Not for loan Collection code Home library Current library Date acquired Source of acquisition Total Checkouts Barcode Date last seen Price effective from Koha item type
    Dewey Decimal Classification     Colección Juvenil General Biblioteca Pública Metropolitana Salomé Ureña Biblioteca Pública Metropolitana Salomé Ureña 11/05/2015 Donación   BPMSU15110074 11/05/2015 11/05/2015 Libros